01809 2200637 4500001002100000005001500021035002000036008004100056245005100097100002700148250000600175260003100181300001300212020002200225084001400247520034800261082000800609650001400617990001200631990001500643990001500658990001500673990001500688990001500703990001500718990001500733990001500748990001500763990001500778990001500793990001500808990001500823990001500838990001500853990001500868990001500883990001500898990001500913990001500928990001500943990001500958990001500973990001500988990001501003990001501018990001501033990001501048990001501063990001501078990001501093990001501108990001201123990001201135990001201147990001201159INLIS00000000000001120240430025745 a0010-0324000011240430 0 ind 1 aBiologi XI Peminatan /cDrs. D.A. Pratiwi,M.Pd aDrs. D.A. Pratiwi,M.Pd a1 aJakarta :bErlangga,c2017 a408 hlm. a978-602-434-212-8 a574 PRA b aMateri buku disusun sesuai dengan tuntutan Kompetensi Inti dan Kompetensi Dasar Kurikulum 2013 Edisi Revisi 2016. Buku ini menaruh perhatian besar terhadap ilmu pengetahuan dan teknologi. Pembahasan materi dirancang sistematis dan terperinci, dilengkapi dengan eksperimen yang mendukung materi dan aplikasi biologi dalam kehidupan sehari-hari. a574 4aNon Fiksi a0738950 a01-03-3923 a02-03-3923 a03-03-3923 a04-03-3923 a05-03-3923 a06-03-3923 a07-03-3923 a08-03-3923 a09-03-3923 a10-03-3923 a11-03-3923 a12-03-3923 a13-03-3923 a14-03-3923 a15-03-3923 a16-03-3923 a17-03-3923 a18-03-3923 a19-03-3923 a20-03-3923 a21-03-3923 a22-03-3923 a23-03-3923 a24-03-3923 a25-03-3923 a26-03-3923 a27-03-3923 a28-03-3923 a29-03-3923 a30-03-3923 a31-03-3923 a01-04-3923 a0738949 a0738948 a0738947 a0738946